Tratados de legislación musulmana. (Record no. 166601)

MARC details
000 -LEADER
campo de control de longitud fija 00956nam a2200229 i 4500
001 - NÚMERO DE CONTROL
campo de control 166601
003 - IDENTIFICADOR DE NÚMERO DE CONTROL
campo de control ES-MaACL
005 - FECHA Y HORA DE LA ÚLTIMA TRANSACCIÓN
campo de control 20250905144750.0
008 - DATOS DE LONGITUD FIJA--INFORMACIÓN GENERAL
campo de control de longitud fija 950103s1853 sp |||| | spa d
040 ## - FUENTE DE CATALOGACIÓN
Centro catalogador/agencia de origen EUS
Lengua de catalogación spa
Centro/agencia transcriptor EUS
245 00 - MENCIÓN DEL TÍTULO
Título Tratados de legislación musulmana.
260 ## - PUBLICACIÓN, DISTRIBUCIÓN, ETC.
Lugar de publicación, distribución, etc. Madrid :
Nombre del editor, distribuidor, etc. Real Academia de la Historia,
Fecha de publicación, distribución, etc. 1853 (
Fabricante Imprenta de la Real Academia de la Historia)
300 ## - DESCRIPCIÓN FÍSICA
Extensión 510 p. ;
Dimensiones 23 cm.
490 1# - MENCIÓN DE SERIE
Mención de serie Memorial histórico español ;
Designación de volumen o secuencia 5
505 8# - NOTA DE CONTENIDO CON FORMATO
Nota de contenido con formato Contiene: 1º Leyes de moros del siglo XIV ; 2º Suma de los principales mandamientos y devedamientos de la ley y çunna... / por Içe de Gerbir (fechada en 1462)
650 07 - PUNTO DE ACCESO ADICIONAL DE MATERIA--TÉRMINO DE MATERIA
Término de materia o nombre geográfico como elemento de entrada Derecho musulmán
Fuente del encabezamiento o término embne
9 (RLIN) 11742
650 #4 - PUNTO DE ACCESO ADICIONAL DE MATERIA--TÉRMINO DE MATERIA
Término de materia o nombre geográfico como elemento de entrada Islamismo-
Subdivisión general Doctrinas-
Subdivisión de forma Obras anteriores a 1800.
9 (RLIN) 156636
700 1# - ENTRADA AGREGADA--NOMBRE PERSONAL
Nombre de persona Isa ibn Jabir,
Fechas asociadas al nombre fl. 1450
9 (RLIN) 156637
830 00 - PUNTO DE ACCESO ADICIONAL DE SERIE-TÍTULO UNIFORME
Título uniforme Memorial histórico español
Designación de volumen o secuencia 5
9 (RLIN) 187759
852 ## - LOCALIZACIÓN
Ubicación ES-MaACL
Número de control de estantería C-19310
Nota libre -- Enc. hol.
Holdings
Estatus retirado Estado de pérdida Estado de daño No para préstamo Colección Biblioteca de origen Biblioteca actual Ubicación en estantería Fecha de adquisición Fuente de adquisición Total de préstamos Signatura topográfica completa Código de barras Visto por última vez Precio de reemplazo Tipo de ítem Koha
        Libros del s. XIX Biblioteca del Ateneo de Madrid Biblioteca del Ateneo de Madrid Galería 17/01/2008     C-19310 1174733 23/02/2023 23/02/2023 Libro impreso antiguo